000 00581nam a2200181 i 4500
001 64982
003 ES-MaACL
005 20230906165255.0
007 t|
008 040107s1953 sp ||||1| spa d
100 1 _aFraccaroli, Arnaldo.
_952053
245 1 0 _aBellini /
_cArnaldo Fraccaroli ; [versión española de Concepción de Bofarull].
250 _a[1ª ed.].
260 _aBarcelona :
_bLuis de Caralt,
_c[1953] (
_fCasa Provincial de Caridad)
300 _a363 p., 5 lám. ;
_c21 cm.
700 1 _aBofarull, Concepción de.
_929763
852 _aES-MaACL
_jC-5826
_bR.35283
999 _c64982
_d64982